Premier League Hall of Fame - Statistiques

Statistiques générales
  • Ce quiz a été pris 2 248 fois
    78 depuis la dernière actualisation
  • Le résultat moyen est 18 sur 26
Statistiques - réponses
Club Nationalité Poste Joueur % Correct
Arsenal France A Thierry Henry
97%
Arsenal France Coach Arsène Wenger
92%
Manchester City Argentine A Sergio Agüero
90%
Chelsea Belgique A Eden Hazard
83%
Arsenal France M Patrick Vieira
83%
Manchester City Belgique D Vincent Kompany
83%
Chelsea Côte d'Ivoire A Didier Drogba
82%
Chelsea Angleterre M Frank Lampard
81%
Chelsea Tchéquie G Petr Cech
79%
Manchester United Écosse Coach Sir Alex Ferguson
78%
Manchester United France A Eric Cantona
75%
Liverpool Angleterre M Steven Gerrard
75%
Manchester United Angleterre A Wayne Rooney
72%
Chelsea Angleterre D John Terry
69%
Manchester United Danemark G Peter Schmeichel
68%
Manchester United Angleterre M Paul Scholes
64%
Manchester United Angleterre D Rio Ferdinand
63%
Manchester United Angleterre A Andrew Cole
61%
Chelsea Angleterre D Ashley Cole
61%
Arsenal Pays-Bas A Dennis Bergkamp
61%
Manchester United Irlande M Roy Keane
60%
Newcastle Angleterre A Alan Shearer
56%
Manchester United Angleterre D Gary Neville
42%
Manchester United Angleterre M David Beckham
35%
Arsenal Angleterre A Ian Wright
33%
Arsenal Angleterre D Tony Adams
13%
Aucun quiz correspondant
Distribution des résultats
% des personnes avec chaque résultat
Percentile par nombre de réponses
Votre historique - résultats
Vous n’avez pas pris ce quiz depuis la dernière actualisation